| 000 | 01123nam a22003497a 4500 | ||
|---|---|---|---|
| 003 | CHAP | ||
| 005 | 20220329133036.0 | ||
| 008 | 971013s1984 mx r 10010 spa d | ||
| 010 | _a1533 | ||
| 011 | _a2505 | ||
| 035 | _a1699 | ||
| 040 | _cCHAP | ||
| 082 | 0 | 4 |
_a574.5 _bR42 1984 |
| 111 | 0 | 0 |
_aReunión Regional sobre Legislación Ambiental ( _n4 _d: 1984 _c: Puebla, Pue.) _996622 |
| 245 | 1 |
_aBosques y selvas _b: fauna y flora silvestre |
|
| 260 |
_aMéxico, D. F. : _bLa Secretaría, _c1984 |
||
| 300 | _a185 p | ||
| 500 | _aCol. congresos | ||
| 500 | _aD42-54 | ||
| 590 |
_aBATCH-UPD _b10 _c20130110 _lUCH01 _h1623 |
||
| 590 |
_aBATCH-UPD _b10 _c20130410 _lUCH01 _h1017 |
||
| 590 |
_aBATCH-UPD _b10 _c20130914 _lUCH01 _h0705 |
||
| 590 |
_aCONVERSION _b10 _c20130109 _lUCH01 _h1302 |
||
| 650 | 1 | 4 |
_aBosques _xMéxico. _914341 |
| 650 | 1 | 4 |
_aEcología _xLeyes _xMéxico. _935153 |
| 650 | 1 | 4 |
_aMedio ambiente _xContaminación. _974069 |
| 650 | 1 | 4 |
_aMedio ambiente _xProtección. _974106 |
| 650 | 1 | 4 |
_aVida silvestre. _9119155 |
| 901 | _aBK | ||
| 942 | _cLIBRO | ||
| 949 |
_a574.5 R42 1984 _bBC _cCONG _d-11190 _eCONG _h79074 _i1699 _si |
||
| 999 |
_c1533 _d1533 |
||